00504nam a2200193 a 4500001001300000003000900013005001700022008004100039020001100080082001500091100002100106245003700127260004400164300000900208500003500217505001000252650002700262700002100289nice12345678IN_TiNIC20260116014506.0080318s2008 newa grp 000 0 eng  ac119500a305.4bBHA aBharihoke, Meera aRights of Hindu and Muslim Women aNew Delhi bSerials Publications c2008 a397p aincludes index and biblioraphy2 aIndex aWomen and Human Rights1 aBharihoke, Meera